| 000 | 00971nam a2200313 4500 | ||
|---|---|---|---|
| 003 | EG-GICUC | ||
| 005 | 20260507221725.0 | ||
| 008 | 260507s1996 fr ||||fr|||| 00| 0 fre d | ||
| 020 | _a2-275-00182-4 | ||
| 024 | _q0520-0288 | ||
| 040 |
_aEG-GiCUC _bfre _cEG-GiCUC _dEG-GiCUC _eRda |
||
| 041 | 0 | _afre | |
| 082 | 0 | 4 |
_221 _a345.623 _bDE . J |
| 092 | 0 | 4 | _221 |
| 099 | _aLaw1 345.623 DE . J 1996 | ||
| 100 | 1 |
_aDegoffe, Michel _eAuteur |
|
| 245 | 1 | 3 |
_aLa juridiction administrative spécialisée / _cMichel Degoffe, Laurent Richer. |
| 264 | 1 |
_aParis : _bL.G.D.J, _c1996. |
|
| 300 |
_a559 page ; _c 24 cm. |
||
| 336 |
_2rda contenu _a texte |
||
| 337 |
_2rda medias _aOrdinateur |
||
| 338 |
_2 transporteur rda _a Ressource en ligne |
||
| 546 | _aTexte en français | ||
| 650 | 1 | 4 | _ajuridiction administrative |
| 700 | 1 |
_aRicher, Laurent _ePréfacier |
|
| 856 | 4 | 0 | _uhttps://fll.law.cu.edu.eg/fulltext/bks/B07-05178.pdf |
| 905 | _a30 | ||
| 942 |
_2ddc _cBK _e21 _n0 |
||
| 999 |
_c76237 _d76237 |
||